Ładuje się......

Journal of Biological Chemistry, Vol.249 (21-24)

Opis bibliograficzny
1. autor: Tabor, Herbert, Ed
Format: Continuing Resources
Język:Undetermined
Wydane: Baltimore : Waverley Press, 1974
Hasła przedmiotowe:
LEADER 00555nam a2200145Ia 4500
008 200122s9999||||xx |||||||||||||| ||und||
080 |a JBC-249  |b (21-24) 
100 |a Tabor, Herbert, Ed. 
245 0 |a Journal of Biological Chemistry, Vol.249 (21-24) 
260 |a  Baltimore :  |b Waverley Press,  |c 1974 
300 |a 6701-8107 p. 
650 |a Journal of Biological Chemistry 
942 |c REF 
999 |c 262244  |d 262244 
952 |0 0  |1 0  |4 0  |6 JBC_249_2124_1974_000000000000000  |7 0  |9 278452  |a BCH  |b BCH  |h  Vol.249 (21-24)  |l 0  |o JBC-249 (21-24) 1974  |p BCHJ0717  |r 2020-01-24  |w 2020-01-24  |y CR